In your fantasy - Ateez lyrics - Statistics

General Stats
  • This quiz has been taken 73 times
  • The average score is 371 of 500
Answer Stats
Hint Answer % Correct
i
100%
know
98%
what
98%
yo
98%
you
98%
a
95%
be
95%
in
95%
it
95%
it?
95%
your
95%
baby
93%
come
93%
hell
93%
like
93%
the
93%
yeah
93%
and
90%
got
90%
no
90%
to
90%
type
90%
but
88%
could
88%
devil
88%
dont
88%
gentle
88%
seat
88%
take
88%
tell
88%
that
88%
get
85%
hot
85%
ill
85%
im
85%
its
85%
kiss
85%
lucifer
85%
aint
83%
as
83%
fantasy
83%
how
83%
let
83%
there
83%
bit
80%
disguise
80%
into
80%
scream
80%
shout
80%
works
80%
between
78%
body
78%
free
78%
line
78%
need
78%
out
78%
read
78%
set
78%
gonna
75%
her
75%
is
75%
this
75%
lines
73%
lips
73%
release
73%
from
70%
heaven
70%
my
70%
nobody
70%
so
70%
stare
70%
youre
70%
here
68%
inviting
68%
just
68%
keep
68%
look
68%
biting
65%
dancing
65%
inhibitions
65%
lost
65%
make
65%
on
65%
trust
65%
we
65%
can
63%
bite
58%
chase
58%
rush
58%
sanity
58%
want
58%
me
55%
point
55%
good
53%
not
53%
fighting
50%
for
50%
now
50%
spot
50%
taste
50%
hella
48%
intentions
48%
piece
48%
razor
48%
cold
45%
desire
45%
handle
45%
hard
45%
head
45%
ice
45%
oh
45%
why
45%
breathe
43%
cake
43%
closer
43%
cut
43%
getting
43%
savior
43%
tryna
43%
with
43%
chaser
40%
feel
40%
give
40%
honey
40%
lets
40%
pull
40%
till
40%
candles
38%
short
38%
fix on!
35%
light
35%
managing
35%
find
33%
heat
33%
push
33%
sizzling
33%
we're
33%
at
30%
buttons
30%
console
30%
okay
30%
sinking
30%
those
30%
hotter
28%
la
28%
angel
25%
right
25%
say
25%
than
25%
woah
25%
fallen
23%
girl
23%
play
23%
break
20%
down
20%
guy
20%
nice
20%
sky
20%
wanna
20%
high
18%
more
18%
mr
13%
fine
10%
hahaha
10%
sure
10%
walkin
10%
(type in the verse after that i ran out of room) that my favorite part when they lose it for
5%
think
5%
oh woah
0%
No matching quizzes found
Score Distribution
Percent of People with Each Score
Percentile by Number Answered
Your Score History
You have not taken this quiz